Mô hình phát triển nông nghiệp bền vững vùng khô hạn tỉnh Ninh Thuận và Bình Thuận

Gardado en:
Detalles Bibliográficos
Autor Principal: Trần, Thanh Lâm
Formato: Libro
Idioma:Undetermined
Những chủ đề:
Acceso en liña:http://lrc.tdmu.edu.vn/opac/search/detail.asp?aID=2&ID=26534
Các nhãn: Engadir etiqueta
Sen Etiquetas, Sexa o primeiro en etiquetar este rexistro!
Thư viện lưu trữ: Trung tâm Học liệu Trường Đại học Thủ Dầu Một
LEADER 00720nam a2200145Ia 4500
001 TDMU_26534
008 210410s9999 xx 000 0 und d
082 |a 635.93356 
100 |a Trần, Thanh Lâm 
245 0 |a Mô hình phát triển nông nghiệp bền vững vùng khô hạn tỉnh Ninh Thuận và Bình Thuận 
245 0 |c Trần Thanh Lâm 
300 |a Tr.8-12 
650 |a Chính trị xã hội; Hoang mạc hóa; Mô hình; Phát triển nông nghiệp bền vững; Vùng khô hạn; Ninh Thuận; Bình Thuận 
856 |u http://lrc.tdmu.edu.vn/opac/search/detail.asp?aID=2&ID=26534 
980 |a Trung tâm Học liệu Trường Đại học Thủ Dầu Một